| 000 | 00353nam a22001217a 4500 | ||
|---|---|---|---|
| 082 |
_a340.95491 _bKAY |
||
| 100 | _aKayani, Malik Rustam | ||
| 245 |
_aA Judge may laugh and even cry / _cMalik Rustam Kayani |
||
| 260 |
_aLahore : _bPakistan Writers' Co-operative Society, _c1970. |
||
| 300 |
_a165 p. ; _c22 cm. |
||
| 563 | _aHB. | ||
| 942 |
_2ddc _cBK |
||
| 999 |
_c616262 _d616262 |
||